[Event "II Weekend INPS"]
[Site "Roma ITA"]
[Date "1997.??.??"]
[Round "5"]
[White "Quimi, Marco"]
[Black "Scavo, Fernando"]
[Result "1-0"]
[WhiteElo "2240"]
[BlackElo "2185"]
[PlyCount "97"]
[EventDate "1997.??.??"]

1. e4 e6 2. d4 d5 3. e5 c5 4. c3 Nc6 5. Nf3 Qb6 6. Be2 cxd4 7. cxd4 Nh6 8. b3
Nf5 9. Bb2 Be7 10. O-O Bd7 11. Kh1 Rc8 12. h3 O-O 13. Bd3 Nb4 14. Bxf5 exf5 15.
Nc3 Bb5 16. Nxb5 Qxb5 17. Ba3 Rc7 18. Bxb4 Bxb4 19. Rc1 Rxc1 20. Qxc1 Ba3 21.
Qb1 Rc8 22. Re1 g6 23. Kh2 Rc6 24. g3 a6 25. Kg2 Qa5 26. h4 Qc3 27. Re2 Qc1 28.
Qxc1 Bxc1 29. Ne1 Bh6 30. Nd3 a5 31. Nc5 Bf8 32. Nxb7 Bb4 33. e6 Rxe6 34. Rxe6
fxe6 35. Nd8 Bc3 36. Nxe6 Kf7 37. Ng5+ Ke7 38. Nf3 Kd6 39. Kf1 Kc6 40. Ke2 Kb5
41. Kd3 Bb4 42. a4+ Kc6 43. Nd2 Kd6 44. f3 Ke6 45. Ke3 Bd6 46. f4 Bb4 47. Nf3
Bd6 48. Ng5+ Kf6 49. Nxh7+ 1-0

[Event "II Weekend INPS"]
[Site "Roma ITA"]
[Date "1997.??.??"]
[Round "5"]
[White "Ramondino, Renzo"]
[Black "Galdelli, Fabiano"]
[Result "1-0"]
[WhiteElo "1600"]
[BlackElo "1738"]
[PlyCount "95"]
[EventDate "1997.??.??"]

1. e4 c5 2. Nf3 Nc6 3. d4 cxd4 4. Nxd4 g6 5. Be3 Bg7 6. Nc3 Nf6 7. f3 O-O 8.
Qd2 d6 9. Bc4 Bd7 10. h4 Ne5 11. Bb3 h5 12. O-O-O Rc8 13. Bg5 Nc4 14. Qe2 Qc7
15. Bxf6 Bxf6 16. Nd5 Qc5 17. Nxf6+ exf6 18. Bxc4 Qxc4 19. Qxc4 Rxc4 20. Nb3
Rfc8 21. c3 Be6 22. Rxd6 Ra4 23. Kb1 Kf8 24. Rhd1 Ke7 25. R1d4 Rac4 26. Rxc4
Bxc4 27. Rd2 b6 28. Nd4 a6 29. b3 Be6 30. c4 Rc5 31. Kb2 Bd7 32. Ne2 f5 33. Nc3
Bc6 34. Nd5+ Bxd5 35. exd5 Kd6 36. Kc3 a5 37. Re2 b5 38. Re8 b4+ 39. Kd4 Rc7
40. Rd8+ Rd7 41. Rxd7+ Kxd7 42. Ke5 Ke7 43. d6+ Kd7 44. Kd5 f6 45. c5 g5 46.
c6+ Kd8 47. d7 Kc7 48. Ke6 1-0

[Event "II Weekend INPS"]
[Site "Roma ITA"]
[Date "1997.??.??"]
[Round "5"]
[White "Simeoni, Matteo"]
[Black "Di Lascio, Savino"]
[Result "1-0"]
[WhiteElo "1830"]
[BlackElo "1708"]
[PlyCount "47"]
[EventDate "1997.??.??"]

1. e4 c6 2. d4 d5 3. Nc3 dxe4 4. Nxe4 Nf6 5. Nxf6+ gxf6 6. Bc4 Bf5 7. Nf3 Nd7
8. Qe2 Qc7 9. O-O e6 10. Nh4 Bg6 11. Bxe6 fxe6 12. Qxe6+ Kd8 13. Re1 Bd6 14.
Qh3 Qa5 15. c3 Kc7 16. Bd2 Rae8 17. Red1 Qd5 18. Rac1 Bh5 19. c4 Qxd4 20. Ba5+
Qb6 21. Bxb6+ axb6 22. Rxd6 Kxd6 23. Nf5+ Kc5 24. Qa3# 1-0

[Event "II Weekend INPS"]
[Site "Roma ITA"]
[Date "1997.??.??"]
[Round "5"]
[White "Spano' Cuomo, Gaetano"]
[Black "Campagna, Maurizio"]
[Result "0-1"]
[WhiteElo "1641"]
[BlackElo "1573"]
[PlyCount "78"]
[EventDate "1997.??.??"]

1. Nf3 Nf6 2. c4 e6 3. Nc3 Bb4 4. d4 c5 5. e3 O-O 6. Bd2 cxd4 7. exd4 d5 8. a3
Bxc3 9. bxc3 dxc4 10. Bg5 Qa5 11. Bxf6 Qxc3+ 12. Nd2 gxf6 13. Rc1 Qxd4 14. Rxc4
Qe5+ 15. Re4 Qc3 16. Re3 Qd4 17. Bd3 f5 18. O-O Rd8 19. Qh5 Qf6 20. Rfe1 h6 21.
Rh3 Nc6 22. Qf3 Kh7 23. Nc4 Rd5 24. g4 Ne5 25. Nxe5 Rxe5 26. Rxe5 Qxe5 27. g5
Qg7 28. Rxh6+ Kg8 29. h4 Rb8 30. Rf6 Bd7 31. Qg3 Rc8 32. h5 Rc1+ 33. Kh2 Bc6
34. f3 Bxf3 35. Qb8+ Qf8 36. Qf4 Rh1+ 37. Kg3 Bxh5 38. Rh6 Qd8 39. Qc4 Qxg5+
0-1

[Event "II Weekend INPS"]
[Site "Roma ITA"]
[Date "1997.??.??"]
[Round "5"]
[White "Spaziani, Gianni"]
[Black "Piccioni, Marco"]
[Result "1-0"]
[WhiteElo "1761"]
[BlackElo "1651"]
[PlyCount "85"]
[EventDate "1997.??.??"]

1. d4 d5 2. c4 e6 3. Nc3 Nf6 4. e3 Be7 5. Nf3 O-O 6. Be2 c5 7. cxd5 exd5 8. h3
h6 9. Bd3 Nc6 10. O-O cxd4 11. exd4 Be6 12. Bf4 a6 13. Rc1 Rc8 14. a3 Bd6 15.
Be5 Bxe5 16. dxe5 d4 17. exf6 dxc3 18. fxg7 Kxg7 19. Rxc3 Kh8 20. Qe2 Rg8 21.
Qe4 Rg7 22. Qf4 Qd5 23. Qxh6+ Kg8 24. Re1 Qxf3 25. Qxg7+ Kxg7 26. gxf3 Rh8 27.
Be4 Rxh3 28. Ree3 Rh5 29. Bxc6 bxc6 30. Rxc6 Rg5+ 31. Kf1 Rh5 32. b4 Rh1+ 33.
Kg2 Rh5 34. Rexe6 fxe6 35. Rxa6 Kf7 36. a4 Ke7 37. Rb6 Kd7 38. a5 e5 39. Rb5
Kc6 40. Rc5+ Kb7 41. f4 Rh4 42. Rc4 exf4 43. Kf3 1-0

[Event "II Weekend INPS"]
[Site "Roma ITA"]
[Date "1997.??.??"]
[Round "5"]
[White "Sposito, Paolo"]
[Black "Colangeli, Claudio"]
[Result "0-1"]
[WhiteElo "1459"]
[BlackElo "1651"]
[PlyCount "54"]
[EventDate "1997.??.??"]

1. d4 d5 2. c4 e6 3. cxd5 exd5 4. Nc3 Nf6 5. Bg5 Be7 6. e3 Bf5 7. Nf3 Ne4 8. h4
c6 9. Bf4 Bb4 10. Qb3 Bxc3+ 11. bxc3 Qa5 12. Rc1 b5 13. Ne5 Qb6 14. f3 Nd6 15.
g4 Be6 16. Rh2 f6 17. Nd3 Nc4 18. Nc5 Bc8 19. Ra1 Nd7 20. Ne6 Kf7 21. Nc7 Rb8
22. e4 Nde5 23. dxe5 fxe5 24. Nxd5 cxd5 25. Bc1 Be6 26. Bxc4 dxc4 27. Qc2 Qg1+
0-1

[Event "II Weekend INPS"]
[Site "Roma ITA"]
[Date "1997.??.??"]
[Round "5"]
[White "Verrascina, Nicola"]
[Black "Trebeschi, Andrea"]
[Result "0-1"]
[WhiteElo "2145"]
[BlackElo "1660"]
[PlyCount "132"]
[EventDate "1997.??.??"]

1. d4 Nf6 2. Bg5 h6 3. Bxf6 exf6 4. e3 d5 5. c4 Bb4+ 6. Nc3 dxc4 7. Qa4+ Nc6 8.
Bxc4 Bxc3+ 9. bxc3 O-O 10. Ne2 a6 11. O-O Bd7 12. Qd1 Na5 13. Bd3 b5 14. Nf4
Bc6 15. Bb1 g6 16. Qg4 Bd7 17. Qg3 Be8 18. Qh4 Kh7 19. Nh5 f5 20. Qf4 Qd6 21.
Qxd6 cxd6 22. Nf4 Bc6 23. Bd3 Be4 24. Be2 Rfe8 25. Rfe1 Nc4 26. a4 Bc6 27. axb5
axb5 28. d5 Rxa1 29. Rxa1 Ra8 30. Rxa8 Bxa8 31. h4 g5 32. hxg5 hxg5 33. Nh5 Kg6
34. Ng3 Bxd5 35. Bd3 Be6 36. e4 f4 37. Ne2 Kf6 38. Nd4 Bd7 39. Kf1 Ke5 40. Ke1
f6 41. Ke2 d5 42. f3 dxe4 43. Bxe4 Ne3 44. g4 b4 45. Kd3 bxc3 46. Kxc3 Nxg4 47.
Bb7 Ne3 48. Kd3 f5 49. Ne2 Bb5+ 50. Kd2 Bxe2 51. Kxe2 g4 52. Kf2 g3+ 53. Kg1
Kd4 54. Bc6 Nc2 55. Bd7 Ne1 56. Bxf5 Nxf3+ 57. Kf1 Ke3 58. Bh3 Ng5 59. Bd7 f3
60. Bc8 Ne4 61. Ba6 Nd2+ 62. Kg1 f2+ 63. Kg2 f1=Q+ 64. Bxf1 Nxf1 65. Kxf1 Kf3
66. Kg1 g2 0-1

[Event "II Weekend INPS"]
[Site "Roma ITA"]
[Date "1997.??.??"]
[Round "6"]
[White "Abuhamdieh, Arafat"]
[Black "Sposito, Paolo"]
[Result "1-0"]
[WhiteElo "1294"]
[BlackElo "1459"]
[PlyCount "73"]
[EventDate "1997.??.??"]

1. e4 e6 2. d4 d5 3. exd5 exd5 4. Bd3 Nf6 5. Bg5 Be7 6. h3 Nbd7 7. Nf3 O-O 8.
O-O Ne4 9. Bxe7 Qxe7 10. Re1 f5 11. Nbd2 Qf6 12. Ne5 Qh6 13. Ndf3 Ndf6 14. Re3
f4 15. Re1 Bf5 16. Kf1 g5 17. Ke2 Rad8 18. Rg1 Nh5 19. Qe1 Qg7 20. g4 fxg3 21.
fxg3 Bxh3 22. Kd1 Bf5 23. g4 Bxg4 24. Rxg4 h6 25. Rg1 Rf4 26. c3 Rdf8 27. Nd2
Nxd2 28. Kxd2 Rf2+ 29. Kc1 Qf6 30. Ng4 Qf4+ 31. Kb1 Qd2 32. Qe6+ R2f7 33. Nxh6+
Kh8 34. Nxf7+ Rxf7 35. Qh6+ Kg8 36. Rxg5+ Ng7 37. Rxg7+ 1-0

[Event "II Weekend INPS"]
[Site "Roma ITA"]
[Date "1997.??.??"]
[Round "6"]
[White "Campagna, Maurizio"]
[Black "Simeoni, Matteo"]
[Result "0-1"]
[WhiteElo "1573"]
[BlackElo "1830"]
[PlyCount "100"]
[EventDate "1997.??.??"]

1. d4 f5 2. e4 fxe4 3. Nc3 Nf6 4. Bg5 c6 5. f3 Qa5 6. Bxf6 exf6 7. Qe2 Bb4 8.
Qxe4+ Kf7 9. Kf2 d5 10. Qd3 Be6 11. g3 Nd7 12. Bh3 Rae8 13. Re1 Bxc3 14. Bxe6+
Rxe6 15. Rxe6 Bxd4+ 16. Qxd4 Kxe6 17. Qg4+ Kd6 18. Qd4 Qxa2 19. Ne2 Re8 20. Rd1
c5 21. Qd3 Nb6 22. Nc3 Qc4 23. Qxc4 Nxc4 24. Rxd5+ Kc6 25. b3 Nd6 26. Rh5 h6
27. Na4 b6 28. c4 Nb7 29. Rd5 b5 30. Nc3 bxc4 31. bxc4 Re5 32. f4 Rxd5 33.
cxd5+ Kd6 34. g4 c4 35. Ke3 Kc5 36. h4 Nd6 37. f5 a5 38. Kf4 Kd4 39. Ne2+ Kxd5
40. g5 hxg5+ 41. hxg5 fxg5+ 42. Kxg5 Ke5 43. Kg6 Nxf5 44. Nc1 a4 45. Na2 a3 46.
Nb4 Ne3 47. Kxg7 c3 48. Nd3+ Kd4 49. Nc1 c2 50. Kf6 Kc3 0-1

[Event "II Weekend INPS"]
[Site "Roma ITA"]
[Date "1997.??.??"]
[Round "6"]
[White "Celletti, Luca"]
[Black "Maddaloni, Giovanni"]
[Result "0-1"]
[WhiteElo "1600"]
[BlackElo "1571"]
[PlyCount "74"]
[EventDate "1997.??.??"]

1. e4 d6 2. c4 Nf6 3. Nc3 g6 4. d4 Bg7 5. Be2 c6 6. Nf3 O-O 7. Bg5 Bg4 8. Qd2
Qc7 9. h3 Bxf3 10. gxf3 e5 11. d5 a5 12. h4 Nh5 13. Bh6 Nd7 14. Bf1 Ndf6 15.
Bxg7 Kxg7 16. O-O-O cxd5 17. exd5 Rfc8 18. Nb5 Qd7 19. b3 Qxb5 20. Kb2 Qb4 21.
Qe3 a4 22. Rd3 Nf4 23. Rc3 a3+ 24. Kc2 N6xd5 25. cxd5 Nxd5 26. Qd2 Qxc3+ 27.
Qxc3 Rxc3+ 28. Kd2 Rxf3 29. Ke2 Rf4 30. Bg2 Nc3+ 31. Ke3 d5 32. f3 Nxa2 33. h5
Nb4 34. hxg6 fxg6 35. Kd2 a2 36. Ra1 Rh4 37. Bf1 Rh1 0-1

[Event "II Weekend INPS"]
[Site "Roma ITA"]
[Date "1997.??.??"]
[Round "6"]
[White "Dentale, Enrico"]
[Black "Vanzan, Alessandro"]
[Result "0-1"]
[WhiteElo "1600"]
[BlackElo "1528"]
[PlyCount "90"]
[EventDate "1997.??.??"]

1. d4 Nf6 2. Bg5 d6 3. Bxf6 exf6 4. e3 g6 5. Bd3 Bg7 6. Nc3 O-O 7. Nf3 Be6 8.
d5 Bc8 9. h4 h5 10. Qd2 Nd7 11. e4 Nc5 12. O-O-O Kh7 13. Kb1 Nxd3 14. Qxd3 a6
15. Rde1 b5 16. Nd4 Bd7 17. f4 b4 18. Nce2 Qc8 19. Ng3 c5 20. dxc6 Bxc6 21.
Nxc6 Qxc6 22. Rd1 Rfc8 23. Rd2 Rd8 24. f5 Bh6 25. Re2 d5 26. Rhe1 dxe4 27. Qb3
Qd7 28. fxg6+ fxg6 29. a4 bxa3 30. Nxe4 Bg7 31. Qxa3 Kh8 32. Qf3 f5 33. Nc5 Qb5
34. Nd3 Rab8 35. b3 Qa5 36. Ne5 Kh7 37. Qg3 Qb6 38. Nf3 Qf6 39. Qe5 Qf8 40.
Ng5+ Kh8 41. Ne6 Qf7 42. Nxd8 Rxb3+ 43. Kc1 Qg8 44. Qe8 Bh6+ 45. Re3 Qxe8 0-1

[Event "II Weekend INPS"]
[Site "Roma ITA"]
[Date "1997.??.??"]
[Round "6"]
[White "Fantazzini, Massimiliano"]
[Black "Matano, Arturo"]
[Result "1-0"]
[WhiteElo "1714"]
[BlackElo "1705"]
[PlyCount "99"]
[EventDate "1997.??.??"]

1. d4 g6 2. c4 Bg7 3. Nc3 d6 4. e4 Nc6 5. Nge2 e5 6. d5 Nce7 7. f3 f5 8. Be3
Nf6 9. Qd2 O-O 10. O-O-O fxe4 11. Nxe4 Nf5 12. Bg5 Nxe4 13. fxe4 Qxg5 14. Qxg5
Bh6 15. Qd2 Bxd2+ 16. Kxd2 Nh6 17. h3 Bd7 18. Ke3 Rf7 19. Rd2 Raf8 20. Ng3 a5
21. Bd3 Kg7 22. Rc1 b6 23. Nh1 Ng8 24. Rf2 Rxf2 25. Nxf2 Nf6 26. Be2 h6 27. Bd1
h5 28. Nd3 g5 29. Rc3 Be8 30. b4 axb4 31. Nxb4 Bg6 32. Ra3 Bxe4 33. Ra7 Bxg2
34. Rxc7+ Kh6 35. Rc6 Rd8 36. Rxb6 Bxh3 37. a4 g4 38. a5 g3 39. Bf3 h4 40. a6
Ne8 41. Nc6 Rc8 42. Nxe5 Kg7 43. Rb7+ Nc7 44. a7 Kf6 45. Rxc7 Re8 46. Rb7 Ra8
47. Nc6 g2 48. Bxg2 Bxg2 49. Rb8 Rxa7 50. Nxa7 1-0

[Event "II Weekend INPS"]
[Site "Roma ITA"]
[Date "1997.??.??"]
[Round "6"]
[White "Farina, Saverio"]
[Black "Pezzaldi, Roberto"]
[Result "1/2-1/2"]
[WhiteElo "2195"]
[BlackElo "2095"]
[PlyCount "21"]
[EventDate "1997.??.??"]

1. d4 e6 2. c4 f5 3. Nc3 Nf6 4. Nf3 b6 5. Bf4 Bb7 6. e3 Be7 7. Be2 Ne4 8. Qb3
O-O 9. h3 Nxc3 10. Qxc3 d6 11. Rc1 1/2-1/2

[Event "II Weekend INPS"]
[Site "Roma ITA"]
[Date "1997.??.??"]
[Round "6"]
[White "Gardon, Ermanno"]
[Black "Morgia, Fabrizio"]
[Result "1-0"]
[WhiteElo "1722"]
[BlackElo "1600"]
[PlyCount "51"]
[EventDate "1997.??.??"]

1. e4 c5 2. Nf3 d6 3. d4 cxd4 4. Nxd4 Nf6 5. Nc3 a6 6. f4 e6 7. Bd3 Bd7 8. Nf3
Nc6 9. O-O Qc7 10. Qe1 Be7 11. Qg3 g6 12. Be3 b5 13. e5 Nh5 14. Qf2 dxe5 15.
fxe5 O-O 16. Bh6 Rfd8 17. Rae1 Ng7 18. Be3 Rf8 19. Ne4 Nxe5 20. Nxe5 Qxe5 21.
Bd4 Qc7 22. Nf6+ Kh8 23. Qh4 h5 24. Qg5 Bxf6 25. Qh6+ Kg8 26. Bxf6 1-0

[Event "II Weekend INPS"]
[Site "Roma ITA"]
[Date "1997.??.??"]
[Round "6"]
[White "Iacoacci, Giancarlo"]
[Black "Cattarinich, Benedetto"]
[Result "1/2-1/2"]
[WhiteElo "1600"]
[BlackElo "1837"]
[PlyCount "150"]
[EventDate "1997.??.??"]

1. d4 Nf6 2. Nf3 e6 3. e3 c5 4. b3 cxd4 5. exd4 Bb4+ 6. c3 Be7 7. Bd3 b6 8. O-O
Ba6 9. c4 d5 10. Nbd2 O-O 11. Bb2 Nc6 12. a3 dxc4 13. Nxc4 Bb7 14. Re1 Rc8 15.
Rc1 b5 16. Nce5 Qb6 17. Qe2 a6 18. Be4 Nxe4 19. Qxe4 Nxe5 20. Qxe5 Bf6 21. Qe3
Rxc1 22. Rxc1 Bxf3 23. Qxf3 Bxd4 24. Rc6 Qa7 25. Bc1 Rd8 26. Be3 Bxe3 27. fxe3
Qa8 28. Rd6 Rc8 29. Qxa8 Rxa8 30. Rb6 g6 31. a4 bxa4 32. bxa4 a5 33. Kf2 Rd8
34. Ra6 Rd5 35. Rb6 Rd2+ 36. Kf3 Ra2 37. g4 Rxa4 38. h4 Rb4 39. Ra6 a4 40. e4
Kg7 41. Kf4 h6 42. Ra7 g5+ 43. hxg5 hxg5+ 44. Ke3 Kf6 45. Ra5 Ke7 46. Rxg5 Kd6
47. Ra5 Kc6 48. Ra7 Kb5 49. Rxf7 a3 50. Ra7 Ra4 51. Rb7+ Kc6 52. Rb1 a2 53. Ra1
e5 54. g5 Ra3+ 55. Kd2 Kd6 56. Kc2 Ke6 57. Kb2 Ra8 58. Rxa2 Rxa2+ 59. Kxa2 Kf7
60. Kb3 Kg6 61. Kc4 Kxg5 62. Kc5 Kf6 63. Kd6 Kf7 64. Kxe5 Ke7 65. Kd5 Kd7 66.
Ke5 Ke7 67. Kf5 Kf7 68. e5 Ke7 69. e6 Ke8 70. Kf6 Kf8 71. Kf5 Ke7 72. Ke5 Ke8
73. Kd6 Kd8 74. Ke5 Ke8 75. Kf6 Kf8 1/2-1/2

[Event "II Weekend INPS"]
[Site "Roma ITA"]
[Date "1997.??.??"]
[Round "6"]
[White "Lagumina, Giulio"]
[Black "Ianniello, Riccardo"]
[Result "1/2-1/2"]
[WhiteElo "2265"]
[BlackElo "2300"]
[PlyCount "45"]
[EventDate "1997.??.??"]

1. d4 d5 2. c4 c6 3. Nc3 Nf6 4. cxd5 cxd5 5. Bf4 Bd7 6. e3 e6 7. Bd3 Be7 8. h3
a6 9. Nf3 Nc6 10. Rc1 O-O 11. O-O h6 12. Ne5 Be8 13. Bg3 Nh7 14. Na4 Nxe5 15.
Bxe5 Bxa4 16. Qxa4 Bd6 17. Bxd6 Qxd6 18. Qc2 Nf6 19. Qc7 Qxc7 20. Rxc7 Rfb8 21.
Rfc1 Kf8 22. f3 Ne8 23. Rd7 1/2-1/2

[Event "II Weekend INPS"]
[Site "Roma ITA"]
[Date "1997.??.??"]
[Round "6"]
[White "Luzi, Alessandro"]
[Black "Spaziani, Gianni"]
[Result "0-1"]
[WhiteElo "1540"]
[BlackElo "1761"]
[PlyCount "81"]
[EventDate "1997.??.??"]

1. e4 e6 2. d4 d5 3. Nc3 Nf6 4. Bg5 Be7 5. e5 Nfd7 6. Bxe7 Qxe7 7. f4 c6 8. Nf3
f5 9. Be2 Nf8 10. Qd2 Ng6 11. Na4 Nd7 12. h4 h6 13. h5 Ngf8 14. Nh4 Rg8 15. g4
fxg4 16. Bxg4 b5 17. Nc3 Nb6 18. b3 Bd7 19. f5 O-O-O 20. fxe6 Bxe6 21. Bxe6+
Qxe6 22. O-O-O Rd7 23. Rdf1 Rb7 24. Rf2 Qe7 25. Nf5 Qa3+ 26. Kd1 Kb8 27. Rhf1
Ne6 28. Nd6 Rd7 29. Rf7 Rgd8 30. Qh2 Qb4 31. Ne2 Nc8 32. Nxc8 Kxc8 33. Qh3 Ng5
34. Qg4 Nxf7 35. Rxf7 Kc7 36. Qxg7 Rxf7 37. Qxf7+ Rd7 38. Qf4 Qe7 39. Qxh6 Qg7
40. Qf4 Rf7 41. e6+ 0-1

[Event "II Weekend INPS"]
[Site "Roma ITA"]
[Date "1997.??.??"]
[Round "6"]
[White "Manzanilla, Rufino"]
[Black "Galdelli, Fabiano"]
[Result "1-0"]
[WhiteElo "1600"]
[BlackElo "1738"]
[PlyCount "123"]
[EventDate "1997.??.??"]

1. Nf3 Nf6 2. d4 d5 3. Bg5 e6 4. Nbd2 Be7 5. c4 c6 6. e3 h6 7. Bh4 Bb4 8. a3
Be7 9. Bd3 Nbd7 10. O-O O-O 11. Ne5 Nxe5 12. dxe5 Nd7 13. Bxe7 Qxe7 14. f4 f6
15. exf6 Nxf6 16. Qe2 Bd7 17. b4 e5 18. e4 exf4 19. Rxf4 Rae8 20. Re1 Qe5 21.
Rh4 Qc3 22. e5 Nh7 23. Qe3 Kh8 24. Nf3 Bf5 25. Bxf5 Qxe3+ 26. Rxe3 Rxf5 27.
cxd5 cxd5 28. Rd4 Nf6 29. g4 Rxf3 30. Rxf3 Rxe5 31. h3 Kg8 32. Rc3 Re7 33. b5
Re1+ 34. Kg2 Re7 35. Kf3 Kf7 36. Re3 Rc7 37. a4 Rc1 38. h4 Kg6 39. Re7 Rc3+ 40.
Kf4 Rc4 41. Rxc4 dxc4 42. h5+ Kh7 43. Kf5 c3 44. Rc7 Nd5 45. Rc5 c2 46. Ke4 Nb4
47. Ke3 b6 48. Rc8 g5 49. Kd2 Kg7 50. Rc7+ Kf6 51. Rxa7 Ke5 52. Rc7 Nd5 53.
Rxc2 Kf4 54. Rc4+ Kf3 55. Rd4 Nf6 56. a5 bxa5 57. b6 Ne4+ 58. Rxe4 Kxe4 59. b7
Kf4 60. b8=Q+ Kxg4 61. Qh2 Kf5 62. Ke3 1-0

[Event "II Weekend INPS"]
[Site "Roma ITA"]
[Date "1997.??.??"]
[Round "6"]
[White "Mazziotto, Nicola"]
[Black "Spano' Cuomo, Gaetano"]
[Result "1-0"]
[WhiteElo "1570"]
[BlackElo "1641"]
[PlyCount "85"]
[EventDate "1997.??.??"]

1. e4 e5 2. Nf3 Nc6 3. d4 exd4 4. Bc4 Be7 5. O-O d6 6. c3 Nf6 7. Re1 d3 8. Qb3
O-O 9. e5 Nxe5 10. Nxe5 dxe5 11. Rxe5 Bd6 12. Re1 Ng4 13. g3 Qf6 14. Be3 c6 15.
Bxd3 Ne5 16. Be4 Bh3 17. Nd2 b5 18. Qc2 Nc4 19. Nxc4 bxc4 20. Bxh7+ Kh8 21. Be4
Rab8 22. Qe2 g6 23. Bxa7 Rbe8 24. Qxc4 c5 25. Bg2 Be6 26. Bd5 Bxd5 27. Qxd5 Re7
28. Bxc5 Bxc5 29. Qxc5 Rfe8 30. Rxe7 Rxe7 31. Qd4 Qxd4 32. cxd4 Re2 33. a4 Rxb2
34. a5 Rb4 35. a6 Rb8 36. a7 Ra8 37. Kg2 Kg8 38. Kf3 Kf8 39. Ke4 Ke7 40. g4 Kd6
41. Ra6+ Kc7 42. Ke5 Kb7 43. Ra2 1-0

[Event "II Weekend INPS"]
[Site "Roma ITA"]
[Date "1997.??.??"]
[Round "6"]
[White "Mogranzini, Roberto"]
[Black "Montecchi, Ugo"]
[Result "0-1"]
[WhiteElo "1834"]
[BlackElo "1833"]
[PlyCount "78"]
[EventDate "1997.??.??"]

1. e4 c5 2. Nf3 d6 3. d4 cxd4 4. Nxd4 Nf6 5. Nc3 g6 6. Be3 Bg7 7. f3 Nc6 8. Qd2
O-O 9. Bc4 Bd7 10. O-O-O Rc8 11. Bb3 Ne5 12. g4 Nc4 13. Bxc4 Rxc4 14. h4 Qc7
15. h5 Rc8 16. hxg6 fxg6 17. Kb1 b5 18. Nd5 Nxd5 19. exd5 a5 20. Qh2 h5 21.
gxh5 Bf5 22. hxg6 Rxc2 23. Qh7+ Kf8 24. Ka1 Rxb2 25. Rc1 Rc2 26. Rxc2 Qxc2 27.
Qxg7+ Kxg7 28. Nxc2 Rxc2 29. Rh7+ Kf6 30. Rf7+ Kxg6 31. Rxe7 Re2 32. Bg5 Rf2
33. Bf4 b4 34. Re1 a4 35. Bxd6 b3 36. axb3 axb3 37. Re4 b2+ 38. Ka2 b1=Q+ 39.
Kxb1 Rxf3 0-1

[Event "II Weekend INPS"]
[Site "Roma ITA"]
[Date "1997.??.??"]
[Round "6"]
[White "Passerotti, Pierluigi"]
[Black "Coppini, Giorgio"]
[Result "1/2-1/2"]
[WhiteElo "2310"]
[BlackElo "2195"]
[PlyCount "84"]
[EventDate "1997.??.??"]

1. d4 d5 2. Nf3 c6 3. Bf4 e6 4. e3 Bd6 5. Bg3 Ne7 6. Bd3 Ng6 7. Nbd2 Qe7 8. c4
Nd7 9. Qc2 Bb8 10. O-O-O Nb6 11. a3 dxc4 12. Nxc4 Nxc4 13. Bxc4 Bxg3 14. hxg3
Bd7 15. Kb1 O-O-O 16. Rh5 Be8 17. Qb3 Nf8 18. Ra5 Kb8 19. Rc1 Qc7 20. Qc3 Nd7
21. Rg5 Rg8 22. Ka1 Nb6 23. Bb3 Nd5 24. Qc2 h6 25. Rh5 Qb6 26. Rhh1 f6 27. Ba2
Bf7 28. Nd2 Qc7 29. Nb3 Qe7 30. Na5 Rc8 31. Rhd1 Rgf8 32. Rd2 Nb6 33. Qe4 Qe8
34. Nb3 Bg6 35. Qf3 Nd7 36. Nc5 Bf7 37. Qf4+ Ka8 38. Qd6 Nxc5 39. Qxc5 Qd7 40.
Rdc2 Rfd8 41. Rc4 b6 42. Qb4 e5 1/2-1/2

[Event "II Weekend INPS"]
[Site "Roma ITA"]
[Date "1997.??.??"]
[Round "6"]
[White "Pierangeli, Andrea"]
[Black "Colangeli, Claudio"]
[Result "1-0"]
[WhiteElo "1783"]
[BlackElo "1651"]
[PlyCount "137"]
[EventDate "1997.??.??"]

1. e4 c6 2. c4 d5 3. cxd5 cxd5 4. exd5 Qxd5 5. Nc3 Qe5+ 6. Qe2 Qxe2+ 7. Bxe2
Nc6 8. Nf3 Nf6 9. O-O e6 10. d4 a6 11. Re1 Ne7 12. a4 Ned5 13. Ne5 Bb4 14. Bd2
O-O 15. Red1 Rb8 16. Bf3 Nb6 17. Nd3 Be7 18. Nc5 Rd8 19. Bf4 Bd6 20. Bg5 Be7
21. a5 Nc4 22. N5a4 b5 23. axb6 Nxb6 24. Nc5 Nbd5 25. Nxd5 exd5 26. Ra2 h6 27.
Bd2 Bxc5 28. dxc5 Bb7 29. Bf4 Rbc8 30. b4 Bc6 31. Rxa6 Bb5 32. Ra5 Ne4 33. Rd4
Bc4 34. h4 Nc3 35. Bg4 Rc6 36. Ra7 Nb5 37. Rxc4 dxc4 38. Rd7 Re8 39. Bf3 Rcc8
40. Bd5 Re1+ 41. Kh2 c3 42. Bxf7+ Kh8 43. Bg6 Rf8 44. Kg3 Na3 45. c6 c2 46. c7
c1=Q 47. Bxc1 Rxc1 48. Rd8 Rg8 49. Bf7 Rxc7 50. Bxg8 g5 51. Be6+ Kg7 52. Rd7+
Rxd7 53. Bxd7 gxh4+ 54. Kxh4 Nc4 55. Bb5 Nd6 56. Bd3 Nc8 57. Kh5 Nb6 58. b5 Nd5
59. Bc4 Nb6 60. Bb3 Nd7 61. f3 Nf6+ 62. Kh4 Nd7 63. Kg4 Kf6 64. Kf4 Kg7 65. Kf5
Nc5 66. Bc2 Nd7 67. Ke6 Nb6 68. Bb3 Kf8 69. g4 1-0

[Event "II Weekend INPS"]
[Site "Roma ITA"]
[Date "1997.??.??"]
[Round "6"]
[White "Rovatti, Paolo"]
[Black "Barletta, Antonio"]
[Result "1-0"]
[WhiteElo "1714"]
[BlackElo "1935"]
[PlyCount "95"]
[EventDate "1997.??.??"]

1. Nc3 e5 2. Rb1 d5 3. e4 d4 4. Nce2 Nf6 5. Ng3 Nc6 6. Bb5 a6 7. Bxc6+ bxc6 8.
Nf3 Bd6 9. O-O c5 10. d3 h6 11. b3 Nh7 12. Nd2 O-O 13. Nf5 Bxf5 14. exf5 Qf6
15. Qg4 Qg5 16. Qh3 Qe7 17. Ne4 Ng5 18. Bxg5 hxg5 19. Qh5 f6 20. h4 Qe8 21.
Qxe8 Raxe8 22. hxg5 fxg5 23. g4 Be7 24. Kg2 g6 25. fxg6 Kg7 26. Rh1 Kxg6 27.
Rh5 Rh8 28. Rbh1 Rxh5 29. Rxh5 a5 30. a4 c4 31. dxc4 d3 32. cxd3 Rb8 33. Nd2
Bb4 34. Nf3 Bc3 35. Rxg5+ Kf6 36. Rf5+ Ke6 37. Ng5+ Kd7 38. Ne4 Bd4 39. Rf7+
Ke8 40. Rxc7 Rxb3 41. Rc8+ Ke7 42. Ra8 Bb6 43. c5 Bc7 44. Ra7 Kd7 45. Nf6+ Kc6
46. Ne8 Bd8 47. Ra8 Kd7 48. c6+ 1-0

[Event "II Weekend INPS"]
[Site "Roma ITA"]
[Date "1997.??.??"]
[Round "6"]
[White "Satta, Vladimiro"]
[Black "Marta, Daniele"]
[Result "1/2-1/2"]
[WhiteElo "2230"]
[BlackElo "1816"]
[PlyCount "42"]
[EventDate "1997.??.??"]

1. c4 Nf6 2. Nf3 g6 3. g3 Bg7 4. Bg2 O-O 5. O-O d6 6. d4 c6 7. b3 Nbd7 8. Bb2
Re8 9. Re1 e5 10. dxe5 dxe5 11. e4 Qc7 12. Qc2 Nc5 13. Nc3 Bg4 14. b4 Bxf3 15.
Bxf3 Ne6 16. Ne2 a5 17. bxa5 Qxa5 18. Bg2 Red8 19. Bc3 Qc7 20. Qb2 Nd7 21. Rab1
Ndc5 1/2-1/2

[Event "II Weekend INPS"]
[Site "Roma ITA"]
[Date "1997.??.??"]
[Round "6"]
[White "Scavo, Fernando"]
[Black "Corvi, Marco"]
[Result "0-1"]
[WhiteElo "2185"]
[BlackElo "2260"]
[PlyCount "74"]
[EventDate "1997.??.??"]

1. e4 Nf6 2. e5 Nd5 3. d4 d6 4. c4 Nb6 5. exd6 cxd6 6. Nc3 g6 7. Be3 Bg7 8. b3
Nc6 9. Rc1 O-O 10. d5 Ne5 11. f4 Ng4 12. Bd4 e5 13. dxe6 Re8 14. Bxg7 Ne3 15.
Qd2 Kxg7 16. Qxe3 Rxe6 17. Ne4 f5 18. Bd3 fxe4 19. Bb1 Bd7 20. Ne2 Qh4+ 21. Ng3
Rf6 22. O-O Re8 23. Nxe4 Rfe6 24. Qd4+ Kg8 25. Nxd6 R8e7 26. Ne4 Bc6 27. Ng3
Qg4 28. Qd1 Re2 29. Rc2 Rxc2 30. Bxc2 Qe6 31. f5 Qe3+ 32. Kh1 Rd7 33. Qe1 Qxe1
34. Rxe1 gxf5 35. Nxf5 Bxg2+ 36. Kxg2 Rd2+ 37. Kg3 37... Rxc2 {...} 0-1

[Event "II Weekend INPS"]
[Site "Roma ITA"]
[Date "1997.??.??"]
[Round "6"]
[White "Siraco, Maurizio"]
[Black "Quimi, Marco"]
[Result "0-1"]
[WhiteElo "1911"]
[BlackElo "2240"]
[PlyCount "54"]
[EventDate "1997.??.??"]

1. e4 c5 2. Nf3 Nc6 3. d4 cxd4 4. Nxd4 Nf6 5. Nc3 e6 6. g3 d6 7. Bg2 Be7 8. O-O
O-O 9. Nxc6 bxc6 10. e5 dxe5 11. Bxc6 Rb8 12. Be3 Qc7 13. Qf3 Ba6 14. Rfb1 Rfc8
15. Ba4 Bb7 16. Qe2 Ba8 17. Qa6 Bc5 18. Nb5 Qe7 19. Nxa7 Bxe3 20. Nxc8 Bxf2+
21. Kxf2 Qc5+ 22. Ke2 Ng4 23. Rf1 Rxc8 24. Qd3 Bd5 25. Bb5 e4 26. Qa3 Qxb5+ 27.
Ke1 Rxc2 0-1

[Event "II Weekend INPS"]
[Site "Roma ITA"]
[Date "1997.??.??"]
[Round "6"]
[White "Tosoni, Augusto"]
[Black "Ramondino, Renzo"]
[Result "0-1"]
[WhiteElo "2116"]
[BlackElo "1600"]
[PlyCount "48"]
[EventDate "1997.??.??"]

1. e4 c5 2. Nf3 d6 3. d4 cxd4 4. Nxd4 Nf6 5. Nc3 g6 6. Be3 Bg7 7. f3 O-O 8. Bc4
Nc6 9. Qd2 Bd7 10. O-O-O Rc8 11. Bb3 Ne5 12. h4 h5 13. Bh6 Bxh6 14. Qxh6 Rxc3
15. bxc3 Qc7 16. Kb1 Rc8 17. Ne2 a5 18. Nf4 e6 19. g4 a4 20. gxh5 axb3 21. cxb3
Qxc3 22. hxg6 Qc2+ 23. Ka1 Ra8 24. a4 Bxa4 0-1